000 00375cam a22001097a 4500
008 180718b1956 xxu||||| |||| 00| 0 eng d
082 _aR719x54 In2m
245 _aLabour-management consultation and co-operation in the tata iron and steel company
_cby Ministry of Labour
260 _aNew Delhi
_bGovernment of India
_c1956
300 _a69p
700 _aIndia. Ministry of Labour
999 _c420169
_d420169